00977nam a2200241 a 450000100100000000500170001000800410002702000150006804000250008308200150010824502050012326000380032830000450036650000150041170000270042670000270045370000310048070000350051170000320054670000270057895201130060599900170071800004299620201002040547.0140217s1988 nyuab 000 0 spa d a0020973306 aDO-SdBNPbspacBNPHU axxxxbxxxx00aThe traveler's atlas, France /cDirector, Pierre Cabanne ; photographs by Hervé Bordas and Philippe Houdebine ; translated by Michael Jacobson and Gela Jacobson in collaboration with Ruth Hemingway. aNew York :bCollier Books,c1988. a1 atlas (416 p.) :bils. maps. ;c26 cm. aLa France.12aCabanne, Pierre97050912aBordas, Hervé97051012aHoudebine, Philippe97051112aJacobson, Michael,etr.97051212aJacobson, Gela,etr.97051312aHemingway, Ruth970514 001050718MOaGRbGRcCTd2014-02-17iLF1l0oxxxx xxxxp42996-10r2020-06-25w2020-06-25y1ZNo se presta c42485d42485